Guess the Taylor Swift Song with No Hints - 25 - Statistics

General Stats
  • This quiz has been taken 46 times
  • The average score is 388 of 455
Answer Stats
Answer % Correct
a
100%
A
100%
I
100%
me
98%
me?
98%
me,
98%
my
98%
the
98%
The
98%
do
95%
to
95%
you
95%
You
95%
all
93%
be
93%
it
93%
it?
93%
your
93%
Your
93%
And
90%
don't
90%
if
90%
If
90%
In
90%
in,
90%
in
90%
like
90%
on
90%
this
90%
was
90%
Was
90%
When
90%
when
90%
where
90%
at
88%
But
88%
but
88%
did
88%
go
88%
just
88%
Just
88%
know
88%
miss
88%
up
88%
what
88%
as
85%
can
85%
car
85%
ever
85%
from
85%
From
85%
have
85%
her,
85%
I'm
85%
is
85%
Is
85%
kiss
85%
love
85%
of
85%
said,
85%
saw
85%
she
85%
She
85%
that
85%
thing
85%
thing?
85%
Would
85%
would
85%
anythin'
83%
Betty,
83%
breathe
83%
can't
83%
'cause
83%
couldn't
83%
dream
83%
make
83%
So
83%
summer
83%
tell
83%
think
83%
with
83%
get
80%
it's
80%
It's
80%
only
80%
party
80%
see
80%
seventeen,
80%
time,
80%
time
80%
told
80%
want
80%
why
80%
About
78%
about
78%
again
78%
believe
78%
for
78%
friends?
78%
front
78%
garden?
78%
garden,
78%
him
78%
long
78%
myself?
78%
Or
78%
says
78%
showed
78%
stupid
78%
true
78%
Will
78%
will
78%
won't
78%
word
78%
worst
78%
face
76%
heard
76%
home
76%
Inez
76%
"James,
76%
lead
76%
most
76%
now
76%
out
76%
rumors
76%
times
76%
trust
76%
Yeah,
76%
assumptions
73%
cardigan
73%
dance
73%
doorstep
73%
fuck
73%
here
73%
house
73%
last
73%
porch
73%
Those
73%
wanna
73%
broken
71%
days
71%
hate
71%
into
71%
Kissin'
71%
nights
71%
one
71%
thinkin'
71%
dreamed
68%
drive"
68%
let's
68%
next
68%
passed
68%
skateboard
68%
went
68%
wrong
68%
dreamt
66%
playin'
66%
side
66%
song
66%
Standin'
66%
switched
66%
turned
66%
walkin'
66%
crowds,
63%
far
63%
favorite
63%
found
63%
gym
63%
Plus,
63%
ridin'
63%
Slept
63%
wings?
63%
cobblestones
61%
happens
61%
homeroom
61%
nowhere
61%
patch
61%
right
61%
figment
59%
finally
56%
intentions
56%
pulled
56%
sinkin'
56%
planned
54%
weeks
54%
Stopped
51%
streelight
7%
No matching quizzes found
Score Distribution
Percent of People with Each Score
Percentile by Number Answered
Your Score History
You have not taken this quiz